• 首页
  • 本馆介绍
  • 公告通知
  • 最新文献
  • 馆藏检索
  • 电子资源
  • 读者荐购
  • 参考咨询
  • CALIS
  • 我的图书馆
  • 登录
  • 详细信息显示
  • 放入我的书架
  • 预约/预借图书
  • 作者相关作品
  • 分类相关作品
  • 丛书相关作品
  • 出版社相关作品

书目信息

  • 表格格式
  • 工作单格式
  • 卡片格式
题名:
生命之网
    
 
作者: 董文博 注释
分册:  
出版信息: 上海   上海外语教育出版社  2003.04
页数: 129页
开本: 20cm
丛书名: 大学生英语文库
单 册:
中图分类: H319.4
科图分类:
主题词: 英语
电子资源:
ISBN: 7-81080-730-7
 
 
 
 
 
000 00596nam0 2200217 45
001 0459239726
005 2004042216271884
010    @a7-81080-730-7@dCNY 7.20
100    @a20040422d2003 km y0chiy0120 ea
101 0  @achi
102    @aCN@b310000
200 1  @a生命之网@ASheng Ming Zhi Wang@f董文博注释@Fdong wen bo zhu shi
210    @a上海@c上海外语教育出版社@d2003.04
215    @a129页@d20cm
225 2  @a大学生英语文库
410  0 @12001 @a大学生英语文库
606 0  @a英语
690    @aH319.4@v4
701  0 @a董文博@Adong wen bo@4注释
801  0 @aCN@bPFT@c20040422
905    @dH319.4@eD740
    
    生命之网/董文博注释.-上海:上海外语教育出版社,2003.04
    129页;20cm.-(大学生英语文库)
    
    
    ISBN 7-81080-730-7:CNY 7.20
    
●
相关链接 在E读中查询图书 在当当中查询图书 在豆瓣中查询图书


正题名:生命之网     索取号:H319.4/D740         预约/预借

序号 登录号 条形码 馆藏地/架位号 状态 备注
1 426875   204268755   语言库209/209语言库 44排7列1层/ [索取号:H319.4/D740] 在馆    
2 426876   204268764   语言库209/209语言库 44排7列1层/ [索取号:H319.4/D740] 在馆    
3 426877   204268773   语言库209/209语言库 44排7列1层/ [索取号:H319.4/D740] 在馆    
河南城建学院图书馆 欢迎您!
大连网信软件有限公司© 版权所有